Koncentryczne państwa wokół Francji - Statystyki

Ogólne statystyki
  • Ten quiz został rozwiązany 222 razy
  • Średni wynik to 9 z 11
Odpowiedzi na mapie
Odpowiedzi zakodowano w zielono-czerwonej skali na mapie do tego quizu, zgodnie z poniższymi procentami.
 
Statystyki odpowiedzi
# Granic dalej od Francji Państwa % Poprawnych
1 Andora | Belgia | Brazylia | Niemcy | Włochy | Luksemburg | Monako | Hiszpania | Surinam | Szwajcaria
99%
2 Argentyna | Austria | Boliwia | Kolumbia | Czechy | Dania | Gujana | Liechtenstein | Maroko | Holandia | Paragwaj | Peru | Polska | Portugalia | San Marino | Słowenia | Urugwaj | Watykan | Wenezuela
98%
3 Algieria | Białoruś | Chile | Chorwacja | Ekwador | Węgry | Litwa | Mauretania | Panama | Rosja | Słowacja | Ukraina |
95%
4 Azerbejdżan | Bośnia i Hercegowina | Chiny | Kostaryka | Estonia | Finlandia | Gruzja | Kazachstan | Łotwa | Libia | Mali | Mołdawia | Mongolia | Czarnogóra | Niger | Korea Północna | Norwegia | Rumunia | Senegal | Serbia | Tunezja
93%
5 Afganistan | Albania | Armenia | Benin | Bhutan | Bułgaria | Burkina Faso | Czad | Egipt | Gambia | Gwinea | Gwinea Bissau | Indie | Iran | Wybrzeże Kości Słoniowej | Kosowo | Kirgistan | Laos | Mjanma | Nepal | Nikaragua | Nigeria | Macedonia Północna | Pakistan | Korea Południowa | Sudan | Szwecja | Tadżykistan | Turcja | Turkmenistan | Uzbekistan | Wietnam
92%
6 Bangladesz | Kambodża | Kamerun | Republika Środkowoafrykańska | Erytrea | Etiopia | Ghana | Grecja | Honduras | Irak | Izrael | Liberia | Sierra Leone | Sudan Południowy | Syria | Tajlandia | Togo
87%
7 Demokratyczna Republika Konga | Dżibuti | Salwador | Gwinea Równikowa | Gabon | Gwatemala | Jordania | Kenia | Kuwejt | Liban | Malezja | Kongo | Arabia Saudyjska | Somalia | Uganda
82%
8 Angola | Belize | Brunei | Burundi | Indonezja | Meksyk | Oman | Katar | Rwanda | Tanzania | Zjednoczone Emiraty Arabskie | Jemen | Zambia
80%
9 Botswana | Timor Wschodni | Malawi | Mozambik | Namibia | Papua-Nowa Gwinea | Stany Zjednoczone | Zimbabwe
76%
10 Kanada | Eswatini | Republika Południowej Afryki
74%
11 Lesotho
59%
Nie znaleziono quizów pasujących do podanych kryteriów
Rozkład punktacji
Procent ludzi z każdym wynikiem
Percentyl według liczby udzielonych odpowiedzi
Twoja historia wyników
Nie rozwiązałeś tego quizu